[Event "2. Campeonato Iberoamericano Grupo D"]
[Site "Morelia MEX"]
[Date "2008.02.17"]
[Round "3.1"]
[White "Khamrakulov, Ibragim S"]
[Black "Bachmann, Axel"]
[Result "0-1"]
[WhiteElo "2589"]
[BlackElo "2505"]
[PlyCount "80"]
[EventDate "2008.02.15"]
[EventType "tourn"]
[EventRounds "5"]
[EventCountry "MEX"]
[Source "lmi"]
[SourceDate "2008.02.15"]

1. e4 e5 2. Nf3 Nc6 3. Bc4 Bc5 4. c3 Nf6 5. d3 a6 6. h3 Ba7 7. O-O d6 8. Bb3
O-O 9. Be3 Ne7 10. Nbd2 Ng6 11. d4 h6 12. Re1 Re8 13. Nf1 exd4 14. Bxd4 Bxd4
15. Qxd4 c5 16. Qd2 b5 17. Ng3 Bb7 18. Bc2 Qc7 19. a4 Rad8 20. axb5 axb5 21. b4
d5 22. exd5 Rxe1+ 23. Rxe1 Bxd5 24. Rd1 cxb4 25. cxb4 Rd7 26. Nd4 Nh4 27. Nxb5
Qb7 28. Nd4 Bxg2 29. Qf4 Bh1 30. f3 Bxf3 31. Nxf3 Nxf3+ 32. Kf1 Qb5+ 33. Kg2
Rxd1 34. Bxd1 Ne1+ 35. Kh2 Qd5 36. Qf2 Qxd1 37. b5 Nf3+ 38. Kg2 Nh4+ 39. Kh2
Qd5 40. b6 Nd7 0-1

[Event "2. Campeonato Iberoamericano Grupo D"]
[Site "Morelia MEX"]
[Date "2008.02.17"]
[Round "3.3"]
[White "Arias, Lemmys A"]
[Black "Zambrana, Oswaldo"]
[Result "1-0"]
[WhiteElo "2293"]
[BlackElo "2511"]
[PlyCount "80"]
[EventDate "2008.02.15"]
[EventType "tourn"]
[EventRounds "5"]
[EventCountry "MEX"]
[Source "lmi"]
[SourceDate "2008.02.15"]

1. e4 c5 2. Nf3 d6 3. d4 cxd4 4. Nxd4 Nf6 5. Nc3 a6 6. g3 e5 7. Nb3 Nbd7 8. Bg2
b5 9. O-O Be7 10. a4 b4 11. Nd5 Nxd5 12. exd5 a5 13. Bd2 O-O 14. c3 bxc3 15.
Bxc3 Qb6 16. Ra3 Bd8 17. Kh1 Nf6 18. Qd2 Qa6 19. Re1 Bb7 20. Raa1 Bb6 21. f4
Ng4 22. h3 Nf2+ 23. Kh2 exf4 24. Qxf4 Nd3 25. Qg4 Ne5 26. Qe2 Qa7 27. Rad1 Ba6
28. Qd2 Bc4 29. Nd4 Bxd4 30. Bxd4 Qd7 31. Bxe5 dxe5 32. d6 Rab8 33. Qxa5 Rxb2
34. Qc3 Qb7 35. Rd2 Rxd2 36. Qxd2 Qd7 37. Rxe5 Rd8 38. a5 g6 39. Re7 Qb5 40.
Qd4 Rb8 1-0

[Event "2. Campeonato Iberoamericano sf B"]
[Site "Linares ESP"]
[Date "2008.02.28"]
[Round "1.2"]
[White "Bruzon Bautista, Lazaro"]
[Black "Iturrizaga Bonelli, Eduardo"]
[Result "1-0"]
[WhiteElo "2607"]
[BlackElo "2470"]
[PlyCount "65"]
[EventDate "2008.02.28"]
[EventType "tourn"]
[EventRounds "6"]
[EventCountry "ESP"]
[EventCategory "12"]
[Source "lmi"]
[SourceDate "2008.02.15"]

1. d4 d5 2. Nf3 Nf6 3. c4 e6 4. Nc3 Bb4 5. e3 c5 6. Bd3 cxd4 7. exd4 dxc4 8.
Bxc4 O-O 9. O-O b6 10. Bg5 Bb7 11. Rc1 Nc6 12. a3 Be7 13. Qd3 Nd5 14. Ne4 h6
15. Bd2 Nf6 16. Nc3 Qd6 17. Rcd1 Rfd8 18. Bc1 Rac8 19. Rfe1 Bf8 20. Qe2 Qb8 21.
Ba2 Qa8 22. h4 Ne7 23. Ne5 Bxg2 24. Nxf7 Bh3 25. Nxh6+ Kh8 26. Nf7+ Kg8 27. Ne4
Nxe4 28. Nxd8 Nc5 29. f3 Rxd8 30. dxc5 Nd5 31. Bb1 Qb8 32. Qh2 Bxc5+ 33. Kh1
1-0

[Event "2. Campeonato Iberoamericano sf B"]
[Site "Linares ESP"]
[Date "2008.02.29"]
[Round "2.2"]
[White "Vescovi, Giovanni P"]
[Black "Iturrizaga Bonelli, Eduardo"]
[Result "0-1"]
[WhiteElo "2617"]
[BlackElo "2470"]
[PlyCount "114"]
[EventDate "2008.02.28"]
[EventType "tourn"]
[EventRounds "6"]
[EventCountry "ESP"]
[EventCategory "12"]
[Source "lmi"]
[SourceDate "2008.02.15"]

1. e4 c5 2. Nf3 Nc6 3. Bb5 e6 4. Bxc6 bxc6 5. d3 Ne7 6. Qe2 Qc7 7. O-O e5 8.
Nh4 Ng6 9. Qh5 Nf4 10. Bxf4 exf4 11. e5 g6 12. Qg5 Be7 13. Qh6 Qxe5 14. Nf3 Qf6
15. Re1 d5 16. c4 Be6 17. Nc3 Rb8 18. Re2 Kd7 19. Rae1 Kd6 20. h4 Bf8 21. Qg5
Bg7 22. Na4 h6 23. Qe5+ Qxe5 24. Nxe5 Bxe5 25. Rxe5 Rb7 26. b3 Bf5 27. g3 fxg3
28. fxg3 Rd7 29. R5e3 f6 30. Kf2 d4 31. R3e2 Bh3 32. Kf3 h5 33. Re8 Rhh7 34.
Kf2 Rhg7 35. Rf8 Rgf7 36. Ree8 g5 37. Rd8 Rxd8 38. Rxf7 gxh4 39. Rxf6+ Ke5 40.
Rf7 Be6 41. Rf3 Bg4 42. Rf7 hxg3+ 43. Kxg3 Rg8 44. Kh4 Be6 45. Rxa7 Rg4+ 46.
Kxh5 Kf6 47. Nxc5 Rg5+ 48. Kh4 Rxc5 49. Rc7 Rg5 50. Rxc6 Rg8 51. b4 Ke5 52. b5
Bf5 53. b6 Kf4 54. Kh5 Bxd3 55. Kh6 Be4 56. Rd6 Ke5 57. c5 Rc8 0-1

[Event "2. Campeonato Iberoamericano sf B"]
[Site "Linares ESP"]
[Date "2008.03.01"]
[Round "3.1"]
[White "Iturrizaga Bonelli, Eduardo"]
[Black "Bachmann, Axel"]
[Result "1/2-1/2"]
[WhiteElo "2470"]
[BlackElo "2505"]
[PlyCount "60"]
[EventDate "2008.02.28"]
[EventType "tourn"]
[EventRounds "6"]
[EventCountry "ESP"]
[EventCategory "12"]
[Source "lmi"]
[SourceDate "2008.02.15"]

1. d4 Nf6 2. Nf3 g6 3. c4 Bg7 4. Nc3 O-O 5. e4 d6 6. Be2 e5 7. O-O Nc6 8. d5
Ne7 9. a4 a5 10. b3 Nh5 11. Ba3 b6 12. b4 axb4 13. Bxb4 Nf4 14. a5 bxa5 15.
Bxa5 Qd7 16. Re1 Nxe2+ 17. Rxe2 Ba6 18. Qa4 Qxa4 19. Rxa4 Bxc4 20. Rxc4 Rxa5
21. Rxc7 Ra1+ 22. Re1 Rxe1+ 23. Nxe1 Rc8 24. Rxc8+ Nxc8 25. Kf1 Kf8 26. Nb5 Bf6
27. Nd3 Bd8 28. Nb2 Bb6 29. Nc4 Bc5 30. Ke2 Ke7 1/2-1/2

[Event "2. Campeonato Iberoamericano sf B"]
[Site "Linares ESP"]
[Date "2008.03.02"]
[Round "4.1"]
[White "Bachmann, Axel"]
[Black "Iturrizaga Bonelli, Eduardo"]
[Result "0-1"]
[WhiteElo "2505"]
[BlackElo "2470"]
[PlyCount "72"]
[EventDate "2008.02.28"]
[EventType "tourn"]
[EventRounds "6"]
[EventCountry "ESP"]
[EventCategory "12"]
[Source "lmi"]
[SourceDate "2008.02.15"]

1. e4 c5 2. Nf3 g6 3. d4 cxd4 4. Nxd4 Nc6 5. Nc3 Bg7 6. Be3 Nf6 7. Bc4 O-O 8.
Bb3 a5 9. O-O d6 10. Ndb5 b6 11. f3 Nd7 12. Bd5 Bb7 13. Qd2 Nc5 14. Rad1 Qd7
15. a4 Rac8 16. Rfe1 Nb4 17. b3 Bxd5 18. Nxd5 Nxe4 19. fxe4 Rxc2 20. Nxe7+ Qxe7
21. Qxd6 Qxe4 22. Bf2 Qf5 23. Qxb6 Nd5 24. Nd6 Qh5 25. Qxa5 Be5 26. h3 Ne3 27.
Qxe5 Qxe5 28. Rxe3 Qb2 29. Nc4 Qa2 30. Rf1 Rd8 31. Rf3 h5 32. Kh1 Re8 33. Bg1
Rxg2 34. Ne3 Rg5 35. h4 Re4 36. Bf2 Qe2 0-1

[Event "2. Campeonato Iberoamericano sf B"]
[Site "Linares ESP"]
[Date "2008.03.02"]
[Round "4.2"]
[White "Vescovi, Giovanni P"]
[Black "Bruzon Bautista, Lazaro"]
[Result "1-0"]
[WhiteElo "2617"]
[BlackElo "2607"]
[PlyCount "81"]
[EventDate "2008.02.28"]
[EventType "tourn"]
[EventRounds "6"]
[EventCountry "ESP"]
[EventCategory "12"]
[Source "lmi"]
[SourceDate "2008.02.15"]

1. d4 Nf6 2. c4 e6 3. g3 c5 4. d5 exd5 5. cxd5 d6 6. Nc3 g6 7. Bg2 Bg7 8. Nf3
O-O 9. O-O a6 10. a4 Re8 11. Nd2 Nbd7 12. h3 Nh5 13. Nc4 Ne5 14. Na3 f5 15. Rb1
Rf8 16. e3 Bd7 17. Bd2 Qe8 18. b4 c4 19. b5 g5 20. f4 Nd3 21. Kh2 Qg6 22. Nxc4
Nxg3 23. Kxg3 gxf4+ 24. Kh2 fxe3 25. Rg1 Nf2 26. Qf3 Ng4+ 27. hxg4 fxg4 28.
Qxe3 Qh5+ 29. Kg3 Rae8 30. Ne4 Rf3+ 31. Bxf3 Qh3+ 32. Kf2 Bd4 33. Bg2 Bxe3+ 34.
Bxe3 Qh4+ 35. Ke2 axb5 36. Ncxd6 Rf8 37. axb5 Qh2 38. Rbf1 Rxf1 39. Kxf1 Qe5
40. Rh1 g3 41. Bf3 1-0

[Event "2. Campeonato Iberoamericano sf B"]
[Site "Linares ESP"]
[Date "2008.03.03"]
[Round "5.1"]
[White "Bruzon Bautista, Lazaro"]
[Black "Bachmann, Axel"]
[Result "1-0"]
[WhiteElo "2607"]
[BlackElo "2505"]
[PlyCount "67"]
[EventDate "2008.02.28"]
[EventType "tourn"]
[EventRounds "6"]
[EventCountry "ESP"]
[EventCategory "12"]
[Source "lmi"]
[SourceDate "2008.02.15"]

1. c4 g6 2. Nc3 Bg7 3. Nf3 d6 4. d4 Nf6 5. g3 O-O 6. Bg2 c6 7. O-O Qa5 8. h3 e5
9. e4 Nbd7 10. Re1 a6 11. Be3 b5 12. c5 dxc5 13. Nxe5 Bb7 14. Nxd7 Nxd7 15.
dxc5 Ne5 16. Qc2 Nc4 17. Bf4 Rfe8 18. Re2 Nxb2 19. e5 Nc4 20. Ne4 Re6 21. Rae1
Rae8 22. Nd6 Nxd6 23. exd6 Qxe1+ 24. Rxe1 Rxe1+ 25. Kh2 R1e6 26. Qd2 Rd8 27. h4
h5 28. Qa5 Rd7 29. Qb6 Bf6 30. Bxc6 Bd8 31. Qxb7 Rxb7 32. Bxb7 Re2 33. c6 Rxf2+
34. Kh3 1-0

[Event "2. Campeonato Iberoamericano sf B"]
[Site "Linares ESP"]
[Date "2008.03.04"]
[Round "6.1"]
[White "Vescovi, Giovanni P"]
[Black "Bachmann, Axel"]
[Result "1-0"]
[WhiteElo "2617"]
[BlackElo "2505"]
[PlyCount "41"]
[EventDate "2008.02.28"]
[EventType "tourn"]
[EventRounds "6"]
[EventCountry "ESP"]
[EventCategory "12"]
[Source "lmi"]
[SourceDate "2008.02.15"]

1. d4 d5 2. c4 dxc4 3. e4 e5 4. Nf3 exd4 5. Bxc4 Bb4+ 6. Nbd2 Nc6 7. O-O Nf6 8.
Qb3 Qe7 9. e5 Ng4 10. a3 Ba5 11. h3 Ngxe5 12. Nxe5 Nxe5 13. Re1 O-O 14. Qg3 Re8
15. b4 Bb6 16. Kh1 Bxh3 17. Nf3 Be6 18. Rxe5 Qf8 19. Bd3 f6 20. Rh5 g6 21. Rxh7
1-0

[Event "2. Campeonato Iberoamericano Final 3-4"]
[Site "Linares ESP"]
[Date "2008.03.06"]
[Round "1"]
[White "Vescovi, Giovanni"]
[Black "Flores, Diego"]
[Result "1-0"]
[WhiteElo "2617"]
[BlackElo "2558"]
[PlyCount "135"]
[EventDate "2008.03.06"]
[EventType "k.o."]
[EventRounds "1"]
[EventCountry "ESP"]
[Source "lmi"]
[SourceDate "2008.02.15"]

1. d4 Nf6 2. c4 g6 3. Nc3 Bg7 4. e4 d6 5. Nf3 O-O 6. Be2 Bg4 7. Be3 Nfd7 8. d5
c6 9. O-O Bxf3 10. Bxf3 a5 11. Rb1 Na6 12. Na4 Rb8 13. Be2 Qc7 14. Qd2 b5 15.
cxb5 cxb5 16. Nc3 b4 17. Nb5 Qb7 18. Nd4 Nac5 19. f3 Ne5 20. Qd1 Ra8 21. f4
Ned7 22. Bf3 Qa6 23. Nc6 Rae8 24. Be2 Qa8 25. e5 dxe5 26. fxe5 e6 27. Bf3 exd5
28. Qxd5 Rxe5 29. Nxe5 Qxd5 30. Bxd5 Bxe5 31. Bh6 Bd4+ 32. Kh1 Bg7 33. Bxg7
Kxg7 34. Rbd1 Ne5 35. b3 Ng4 36. Rde1 f5 37. h3 Nf6 38. Re7+ Kh6 39. Bf3 a4 40.
bxa4 Nxa4 41. Rb7 Nc3 42. Rf2 Re8 43. Rxb4 Re1+ 44. Kh2 Nce4 45. Rc2 Nd5 46.
Rbc4 Ndf6 47. Rc1 Re3 48. Rb4 Kg5 49. Ra1 Nd2 50. a4 Nxf3+ 51. gxf3 Re2+ 52.
Kg1 Nd5 53. Rb3 Nf4 54. a5 Kh4 55. Rb4 Kg3 56. Rxf4 Kxf4 57. a6 Re8 58. a7 Ra8
59. Kf2 g5 60. Ra4+ Ke5 61. f4+ gxf4 62. Kf3 h6 63. h4 Kd6 64. Kxf4 Kc6 65. h5
Kb7 66. Ra1 Rxa7 67. Rxa7+ Kxa7 68. Kxf5 1-0